<?xml version="1.0" encoding="UTF-8"?><?xml-stylesheet type="text/xsl" href="static/style.xsl"?><OAI-PMH xmlns="http://www.openarchives.org/OAI/2.0/" xmlns:xsi="http://www.w3.org/2001/XMLSchema-instance" xsi:schemaLocation="http://www.openarchives.org/OAI/2.0/ http://www.openarchives.org/OAI/2.0/OAI-PMH.xsd"><responseDate>2026-04-18T06:07:58Z</responseDate><request verb="GetRecord" identifier="oai:www.recercat.cat:2445/177036" metadataPrefix="marc">https://recercat.cat/oai/request</request><GetRecord><record><header><identifier>oai:recercat.cat:2445/177036</identifier><datestamp>2025-12-05T09:34:50Z</datestamp><setSpec>com_2072_1057</setSpec><setSpec>col_2072_478799</setSpec><setSpec>col_2072_478917</setSpec></header><metadata><record xmlns="http://www.loc.gov/MARC21/slim" xmlns:dcterms="http://purl.org/dc/terms/" xmlns:xsi="http://www.w3.org/2001/XMLSchema-instance" xmlns:doc="http://www.lyncode.com/xoai" xsi:schemaLocation="http://www.loc.gov/MARC21/slim http://www.loc.gov/standards/marcxml/schema/MARC21slim.xsd">
   <leader>00925njm 22002777a 4500</leader>
   <datafield ind2=" " ind1=" " tag="042">
      <subfield code="a">dc</subfield>
   </datafield>
   <datafield ind2=" " ind1=" " tag="720">
      <subfield code="a">Liu, Ge</subfield>
      <subfield code="e">author</subfield>
   </datafield>
   <datafield ind2=" " ind1=" " tag="720">
      <subfield code="a">Molas, Maria</subfield>
      <subfield code="e">author</subfield>
   </datafield>
   <datafield ind2=" " ind1=" " tag="720">
      <subfield code="a">Grossmann, Gregory A.</subfield>
      <subfield code="e">author</subfield>
   </datafield>
   <datafield ind2=" " ind1=" " tag="720">
      <subfield code="a">Pasumarthy, Murali</subfield>
      <subfield code="e">author</subfield>
   </datafield>
   <datafield ind2=" " ind1=" " tag="720">
      <subfield code="a">Perales Losa, Carlos</subfield>
      <subfield code="e">author</subfield>
   </datafield>
   <datafield ind2=" " ind1=" " tag="720">
      <subfield code="a">Cooper, Mark J.</subfield>
      <subfield code="e">author</subfield>
   </datafield>
   <datafield ind2=" " ind1=" " tag="720">
      <subfield code="a">Hanson, Richard W.</subfield>
      <subfield code="e">author</subfield>
   </datafield>
   <datafield ind2=" " ind1=" " tag="260">
      <subfield code="c">2021-05-05T15:16:55Z</subfield>
   </datafield>
   <datafield ind2=" " ind1=" " tag="260">
      <subfield code="c">2021-05-05T15:16:55Z</subfield>
   </datafield>
   <datafield ind2=" " ind1=" " tag="260">
      <subfield code="c">2001-09-14</subfield>
   </datafield>
   <datafield ind2=" " ind1=" " tag="260">
      <subfield code="c">2021-05-05T15:16:56Z</subfield>
   </datafield>
   <datafield ind2=" " ind1=" " tag="520">
      <subfield code="a">We have evaluated the effect of NaCl concentration on the mode of binding of poly-L-lysine to DNA and the resulting structural and functional features of the condensed DNA particles using DNA precipitation, DNase I resistance, electron microscopy, and receptor-mediated gene transfer assays. At a high concentration of NaCl and in the presence of excess DNA, poly-L-lysine interacted with DNA cooperatively, fully condensing some of the DNA and leaving the rest of the DNA unbound. At low NaCl concentrations, poly-L-lysine molecules interacted with DNA in a noncooperative fashion, i.e. they bind randomly to the whole population of DNA molecules. Cooperative binding of poly-L-lysine to DNA occurred over a narrow range of NaCl concentrations, and the specific salt concentration depended on the length of the poly-L-lysine. The ability of condensed DNA to withstand digestion by DNase I was correlated with the structural features of the condensed DNA as determined by electron microscopy. Using our condensation procedure, cooperative binding of poly-L-lysine to DNA is a necessary prerequisite for the preparation of condensed DNA having a spherical shape and a diameter of 15-30 nm. Condensed DNA, containing galactosylated poly-L-lysine, was evaluated further for the extent and specificity of receptor-mediated gene transfer into HuH-7 human hepatoma cells via the asialoglycoprotein receptor. Efficient receptor-mediated transfection occurred only when condensed DNA complexes had a spherical shape with a diameter of 15-30 nm; asialofetuin, a natural ligand for the asialoglycoprotein receptor, inhibited this process by up to 90%. Our results support the importance of appropriate DNA condensation for the uptake and ultimate expression of DNA in hepatic cells.</subfield>
   </datafield>
   <datafield tag="653" ind2=" " ind1=" ">
      <subfield code="a">ADN</subfield>
   </datafield>
   <datafield tag="653" ind2=" " ind1=" ">
      <subfield code="a">Metabolisme</subfield>
   </datafield>
   <datafield tag="653" ind2=" " ind1=" ">
      <subfield code="a">Lisina</subfield>
   </datafield>
   <datafield tag="653" ind2=" " ind1=" ">
      <subfield code="a">DNA</subfield>
   </datafield>
   <datafield tag="653" ind2=" " ind1=" ">
      <subfield code="a">Metabolism</subfield>
   </datafield>
   <datafield tag="653" ind2=" " ind1=" ">
      <subfield code="a">Lysine</subfield>
   </datafield>
   <datafield ind2="0" ind1="0" tag="245">
      <subfield code="a">Biological properties of poly-L-lysine/DNA complexes generated by cooperative binding of the polycation</subfield>
   </datafield>
</record></metadata></record></GetRecord></OAI-PMH>